[Event "NZL-ch op 122nd"]
[Site "Auckland"]
[Date "2015.01.06"]
[Round "6"]
[White "Fairley, Natasha"]
[Black "Picken, Oliver"]
[Result "1-0"]
[WhiteElo "1816"]
[BlackElo "1433"]
[PlyCount "73"]
[EventDate "2015.01.01"]
[EventType "swiss"]
[EventRounds "9"]
[EventCountry "NZL"]
[SourceTitle "CBM 164 Extra"]
[Source "ChessBase"]
[SourceDate "2015.03.02"]
[SourceVersion "1"]
[SourceVersionDate "2015.03.02"]
[SourceQuality "1"]

1. e4 c5 2. c4 g6 3. Nc3 Nc6 4. d3 Bg7 5. g3 a6 6. Nge2 d6 7. Bg2 Nf6 8. 0-0 e6 9. Bd2 Bd7 10. Qc1 h5 11. Bg5 Qc7 12. h3 0-0-0 13. Qf4 d5 14. Qxc7+ Kxc7 15. cxd5 exd5 16. Bxf6 Bxf6 17. Nxd5+ Kd6 18. Nxf6 h4 19. Nxd7 Rxd7 20. Rad1 Nd4 21. Nxd4 cxd4 22. Rc1 g5 23. Rc4 Ke7 24. Rfc1 g4 25. gxh4 Rxh4 26. hxg4 Rxg4 27. Kf1 Rd6 28. Rc7+ Kf8 29. Rxb7 Rdg6 30. Rc8+ Kg7 31. Bf3 Rf4 32. Bh5 Rgf6 33. Rxf7+ Rxf7 34. Bxf7 Rxf7 35. Rd8 Rb7 36. b3 Rb4 37. Rd5 1-0

[Event "NZL-ch op 122nd"]
[Site "Auckland"]
[Date "2015.01.02"]
[Round "2"]
[White "Fairley, Natasha"]
[Black "Nylund, Timothy"]
[Result "1-0"]
[WhiteElo "1816"]
[BlackElo "1405"]
[PlyCount "65"]
[EventDate "2015.01.01"]
[EventType "swiss"]
[EventRounds "9"]
[EventCountry "NZL"]
[SourceTitle "CBM 164 Extra"]
[Source "ChessBase"]
[SourceDate "2015.03.02"]
[SourceVersion "1"]
[SourceVersionDate "2015.03.02"]
[SourceQuality "1"]

1. e4 d6 2. d4 g6 3. Nf3 Bg7 4. Be3 Nd7 5. Nbd2 a6 6. Bc4 b5 7. Bb3 e6 8. c3 Bb7 9. 0-0 Ne7 10. Bc2 0-0 11. h3 c5 12. Nh2 Qc7 13. Ndf3 Nf6 14. Nd2 c4 15. Ng4 Rfd8 16. Nh6+ Kf8 17. g4 Neg8 18. g5 Nh5 19. Qf3 Bxh6 20. gxh6 d5 21. e5 Rdb8 22. Qg2 Qd8 23. Bd1 Bc8 24. Bxh5 b4 25. Bf3 Ke8 26. Bg5 Qa5 27. Rac1 Kd7 28. Nxc4 Qb5 29. Nd6 Qc6 30. Nxf7 Nxh6 31. Bxh6 Kc7 32. Qg5 Kb7 33. Nd8+ 1-0

[Event "Olympiad Women-40"]
[Site "Istanbul"]
[Date "2012.09.06"]
[Round "9.3"]
[White "Berzina, Ilze"]
[Black "Fairley, Natasha"]
[Result "1-0"]
[WhiteElo "2306"]
[BlackElo "1788"]
[PlyCount "65"]
[EventDate "2012.08.28"]
[EventType "team-swiss"]
[EventRounds "11"]
[EventCountry "TUR"]
[SourceTitle "CBM 150 Extra"]
[Source "ChessBase"]
[SourceDate "2012.10.19"]
[SourceVersion "1"]
[SourceVersionDate "2012.10.19"]
[SourceQuality "1"]
[WhiteTeam "Latvia (W)"]
[BlackTeam "New Zealand (W)"]
[WhiteTeamCountry "LAT"]
[BlackTeamCountry "NZL"]

1. e4 e5 2. Nf3 Nc6 3. Bb5 a6 4. Ba4 Nf6 5. 0-0 Be7 6. Re1 b5 7. Bb3 d6 8. c3 0-0 9. h3 Nb8 10. d4 Nbd7 11. Nbd2 Bb7 12. Bc2 Re8 13. Nf1 Bf8 14. Ng3 g6 15. Bg5 h6 16. Bd2 c5 17. d5 c4 18. Be3 Qc7 19. Qd2 Kh7 20. Nh2 Bg7 21. Rf1 Nc5 22. Kh1 Bc8 23. f4 exf4 24. Rxf4 g5 25. e5+ Kg8 26. Rxf6 Rxe5 27. Rf3 Bh8 28. Ng4 Bxg4 29. hxg4 Rae8 30. Nf5 f6 31. Raf1 Ne4 32. Nxh6+ Kf8 33. Bxe4 1-0

[Event "Olympiad Women-40"]
[Site "Istanbul"]
[Date "2012.08.28"]
[Round "1.3"]
[White "Foisor, Sabina Francesca"]
[Black "Fairley, Natasha"]
[Result "1-0"]
[WhiteElo "2356"]
[BlackElo "1788"]
[PlyCount "49"]
[EventDate "2012.08.28"]
[EventType "team-swiss"]
[EventRounds "11"]
[EventCountry "TUR"]
[SourceTitle "CBM 150 Extra"]
[Source "ChessBase"]
[SourceDate "2012.10.19"]
[SourceVersion "1"]
[SourceVersionDate "2012.10.19"]
[SourceQuality "1"]
[WhiteTeam "United States (W)"]
[BlackTeam "New Zealand (W)"]
[WhiteTeamCountry "USA"]
[BlackTeamCountry "NZL"]

1. d4 d5 2. c4 dxc4 3. Nf3 Nf6 4. e3 Nc6 5. Bxc4 e6 6. 0-0 Be7 7. Nc3 0-0 8. a3 b6 9. Qe2 Na5 10. Ba2 Nd5 11. e4 Nxc3 12. bxc3 c6 13. Rd1 Bb7 14. e5 Rb8 15. Bb1 Re8 16. Bf4 Rc8 17. Nd2 Qd5 18. Qd3 g6 19. c4 Qd8 20. Ne4 Ba6 21. Ba2 Nb7 22. Qe3 f6 23. c5 Kf7 24. Qh3 Kg7 25. exf6+ 1-0

[Event "Queenstown op"]
[Site "Queenstown"]
[Date "2012.01.21"]
[Round "7"]
[White "Fairley, Natasha"]
[Black "Watson, Jeremy"]
[Result "1/2-1/2"]
[WhiteElo "1798"]
[BlackElo "1571"]
[PlyCount "73"]
[EventDate "2012.01.15"]
[EventType "swiss"]
[EventRounds "9"]
[EventCountry "NZL"]
[SourceTitle "CBM 146 Extra"]
[Source "ChessBase"]
[SourceDate "2012.02.29"]
[SourceVersion "1"]
[SourceVersionDate "2012.02.29"]
[SourceQuality "1"]

1. e4 e6 2. d4 d5 3. exd5 exd5 4. Bd3 Nc6 5. c3 Bd6 6. h3 Nf6 7. Ne2 Be6 8. Bf4 Qd7 9. Bxd6 Qxd6 10. Ng3 0-0-0 11. 0-0 Ne7 12. a4 Kb8 13. b4 Ng6 14. Qd2 Nf4 15. Bf5 Rde8 16. Bxe6 Nxe6 17. Re1 g6 18. Na3 h5 19. Re5 h4 20. Ne2 Ne4 21. Qa2 c6 22. f3 f6 23. Rxe6 Qxe6 24. fxe4 Qxe4 25. Re1 Qe3+ 26. Kh2 Re4 27. c4 Rxd4 28. Nc2 Qe5+ 29. Kg1 Rxc4 30. Ned4 Qg5 31. Qb2 f5 32. Nf3 Qh6 33. Qe5+ Kc8 34. Qe6+ Kc7 35. Qe7+ Kc8 36. Qe6+ Kc7 37. Qe7+ 1/2-1/2

[Event "Olympiad Women-39"]
[Site "Khanty-Mansiysk"]
[Date "2010.10.03"]
[Round "11.38"]
[White "Sotomayor Villatoro, Silvi"]
[Black "Fairley, Natasha"]
[Result "1/2-1/2"]
[WhiteElo "1777"]
[BlackElo "1777"]
[PlyCount "65"]
[EventDate "2010.09.21"]
[EventType "team-swiss"]
[EventRounds "11"]
[EventCountry "RUS"]
[SourceTitle "CBM 139"]
[Source "ChessBase"]
[SourceDate "2010.11.18"]
[SourceVersion "1"]
[SourceVersionDate "2010.11.18"]
[SourceQuality "1"]
[WhiteTeam "Guatemala (W)"]
[BlackTeam "New Zealand (W)"]
[WhiteTeamCountry "GUA"]
[BlackTeamCountry "NZL"]

1. d4 d5 2. e3 Nf6 3. Bd3 e6 4. c3 c5 5. f4 Nc6 6. Nf3 h6 7. Nbd2 Be7 8. 0-0 0-0 9. Ne5 cxd4 10. exd4 Bd6 11. Qe2 a6 12. Ndf3 Ne7 13. g4 Nh7 14. g5 hxg5 15. Nxg5 g6 16. h4 Nf5 17. Qg4 Nxg5 18. hxg5 Kg7 19. Bd2 Bxe5 20. fxe5 Rh8 21. Qg2 b5 22. Kf2 Bb7 23. Rh1 Qd7 24. Rxh8 Rxh8 25. Rh1 Qc8 26. Rh3 Rxh3 27. Qxh3 Qh8 28. Qxh8+ Kxh8 29. Bxf5 gxf5 30. Kf3 Kg7 31. Kf4 Kg6 32. Be1 Bc8 33. Bg3 1/2-1/2

[Event "Olympiad Women-39"]
[Site "Khanty-Mansiysk"]
[Date "2010.10.01"]
[Round "10.33"]
[White "Gerasimova, Olga"]
[Black "Fairley, Natasha"]
[Result "1-0"]
[WhiteElo "2218"]
[BlackElo "1777"]
[PlyCount "103"]
[EventDate "2010.09.21"]
[EventType "team-swiss"]
[EventRounds "11"]
[EventCountry "RUS"]
[SourceTitle "CBM 139"]
[Source "ChessBase"]
[SourceDate "2010.11.18"]
[SourceVersion "1"]
[SourceVersionDate "2010.11.18"]
[SourceQuality "1"]
[WhiteTeam "ISCA (W)"]
[BlackTeam "New Zealand (W)"]
[BlackTeamCountry "NZL"]

1. e4 e5 2. Nf3 Nc6 3. Bb5 a6 4. Ba4 Nf6 5. 0-0 b5 6. Bb3 Bc5 7. c3 Bb6 8. d4 exd4 9. cxd4 d6 10. h3 0-0 11. Re1 h6 12. Nc3 Re8 13. a4 b4 14. Nd5 Ba7 15. Qd3 Nxd5 16. Bxd5 Qd7 17. a5 Rb8 18. Bc4 Ra8 19. Bd2 Qe7 20. Bd5 Bb7 21. Qc4 Qd7 22. Rec1 Nd8 23. Bxb7 Nxb7 24. Qxc7 Qb5 25. Qc6 b3 26. Qxb5 axb5 27. Rc7 Nd8 28. Re1 Ne6 29. Rb7 Nxd4 30. Nxd4 Bxd4 31. Rxb5 Bxb2 32. Rxb3 Bd4 33. Kf1 Bc5 34. f3 f6 35. Rb7 Kh7 36. Reb1 Kg6 37. Rd7 Reb8 38. Rbb7 Rxb7 39. Rxb7 Ra6 40. Ke2 Bd4 41. Kd3 Ba1 42. Rb1 Be5 43. f4 Bxf4 44. Bxf4 Rxa5 45. Bxd6 Ra2 46. g3 Rg2 47. Rb7 h5 48. Ke3 h4 49. gxh4 Kh5 50. Kf3 Rg6 51. Bg3 Kh6 52. Rb8 1-0

[Event "Olympiad Women-39"]
[Site "Khanty-Mansiysk"]
[Date "2010.09.24"]
[Round "4.34"]
[White "Fairley, Natasha"]
[Black "Basta Sohair, Faridah"]
[Result "1/2-1/2"]
[WhiteElo "1777"]
[BlackElo "2030"]
[PlyCount "85"]
[EventDate "2010.09.21"]
[EventType "team-swiss"]
[EventRounds "11"]
[EventCountry "RUS"]
[SourceTitle "CBM 139"]
[Source "ChessBase"]
[SourceDate "2010.11.18"]
[SourceVersion "1"]
[SourceVersionDate "2010.11.18"]
[SourceQuality "1"]
[WhiteTeam "New Zealand (W)"]
[BlackTeam "Egypt (W)"]
[WhiteTeamCountry "NZL"]
[BlackTeamCountry "EGY"]

1. e4 c5 2. c3 d5 3. exd5 Qxd5 4. d4 Nc6 5. Nf3 cxd4 6. cxd4 e5 7. Nc3 Bb4 8. Bd2 Bxc3 9. Bxc3 e4 10. Ne5 Nxe5 11. dxe5 Ne7 12. Qxd5 Nxd5 13. Bb5+ Bd7 14. Bxd7+ Kxd7 15. Bd4 Rhc8 16. 0-0 Rc4 17. Rad1 Ke6 18. Rfe1 f5 19. exf6 Nxf6 20. a3 b6 21. b3 Rc7 22. Bxf6 Kxf6 23. Rxe4 Rac8 24. g3 Rc3 25. Rb1 R8c7 26. a4 Kf5 27. Ree1 Rc2 28. Re3 Kg4 29. Rbe1 Kf5 30. Re5+ Kf6 31. Re6+ Kf7 32. Kg2 R2c3 33. R6e3 Rc2 34. h4 h6 35. R1e2 R2c6 36. f4 Rd6 37. Kf3 Rcd7 38. g4 Rd4 39. g5 h5 40. Rg2 g6 41. Rge2 Rb4 42. Kg3 Rbd4 43. Kf3 1/2-1/2

[Event "Oceania zt (Women)"]
[Site "Gold Coast"]
[Date "2009.06.24"]
[Round "6"]
[White "Tsoi, Nicole"]
[Black "Fairley, Natasha"]
[Result "1/2-1/2"]
[WhiteElo "1648"]
[BlackElo "1778"]
[PlyCount "89"]
[EventDate "2009.06.20"]
[EventType "swiss"]
[EventRounds "9"]
[EventCountry "AUS"]
[SourceTitle "CBM 131 Extra"]
[Source "ChessBase"]
[SourceDate "2009.09.03"]
[SourceVersion "2"]
[SourceVersionDate "2009.09.16"]
[SourceQuality "1"]

1. d4 d5 2. Bf4 e6 3. Nd2 c5 4. e3 Nc6 5. c3 cxd4 6. exd4 Bd6 7. Bg3 Bxg3 8. hxg3 Qe7 9. Qc2 Nf6 10. 0-0-0 Bd7 11. Kb1 a6 12. Bd3 Rc8 13. Qb3 b5 14. Ne2 h6 15. Rde1 Qd6 16. f4 Kd8 17. Rh4 h5 18. Reh1 Re8 19. Nf3 Na5 20. Qb4 Nb7 21. Qxd6 Nxd6 22. Ne5 Ke7 23. g4 hxg4 24. Nxg4 Nxg4 25. Rxg4 g6 26. Rh7 Kd8 27. Rgh4 Rg8 28. Rh8 Ke7 29. Rxg8 Rxg8 30. Rh7 g5 31. Kc2 Nc4 32. g3 gxf4 33. gxf4 a5 34. b3 Nb6 35. a3 a4 36. bxa4 bxa4 37. Rh1 Rc8 38. Rb1 Nc4 39. Bxc4 Rxc4 40. Rb4 Kd6 41. Rxc4 dxc4 42. Kd2 Kd5 43. Ke3 f5 44. Ng3 Be8 45. Kf3 1/2-1/2

[Event "Olympiad Women-37"]
[Site "Turin"]
[Date "2006.05.25"]
[Round "5"]
[White "Partac, Elena"]
[Black "Fairley, Natasha"]
[Result "1-0"]
[WhiteElo "2095"]
[BlackElo "1743"]
[PlyCount "89"]
[EventDate "2006.05.21"]
[EventType "team-swiss"]
[EventRounds "13"]
[EventCountry "ITA"]
[SourceTitle "CBM 112 Extra"]
[Source "ChessBase"]
[SourceDate "2006.07.14"]
[SourceVersion "1"]
[SourceVersionDate "2006.07.14"]
[SourceQuality "1"]
[WhiteTeam "Moldova (W)"]
[BlackTeam "New Zealand (W)"]
[WhiteTeamCountry "MDA"]
[BlackTeamCountry "NZL"]

1. e4 e5 2. Nf3 Nc6 3. Bb5 a6 4. Ba4 Nf6 5. Qe2 b5 6. Bb3 Bc5 7. c3 d6 8. h3 0-0 9. 0-0 h6 10. Rd1 Bb6 11. d3 Qe7 12. Nbd2 Re8 13. Nf1 Be6 14. Bc2 Rab8 15. Ng3 Bd7 16. Nh4 Qf8 17. Qf3 Nh7 18. Ngf5 Bxf5 19. Nxf5 Ne7 20. Nh4 Kh8 21. Bb3 g5 22. Nf5 Nxf5 23. Qxf5 Re7 24. Be3 Qg7 25. Bxb6 cxb6 26. d4 Qf6 27. Qxf6+ Nxf6 28. f3 Nh5 29. dxe5 dxe5 30. Rd6 Kg7 31. Rad1 Rbb7 32. Kf2 Nf4 33. g3 Ng6 34. Rd8 Nf8 35. R1d6 Red7 36. Bd5 Rxd6 37. Rxd6 Rb8 38. Ke3 a5 39. Rc6 Ng6 40. Rc7 Nh8 41. b4 axb4 42. cxb4 h5 43. Bc6 Kg6 44. Bxb5 Rd8 45. Rc6+ 1-0

[Event "Queenstown op"]
[Site "Queenstown"]
[Date "2006.01.20"]
[Round "6"]
[White "Fairley, Natasha"]
[Black "Beach, Paul K"]
[Result "0-1"]
[WhiteElo "1755"]
[BlackElo "2164"]
[PlyCount "150"]
[EventDate "2006.01.15"]
[EventType "swiss"]
[EventRounds "10"]
[EventCountry "NZL"]
[SourceTitle "CBM 110 Extra"]
[Source "ChessBase"]
[SourceDate "2006.03.10"]
[SourceVersion "2"]
[SourceVersionDate "2006.03.10"]
[SourceQuality "1"]

1. e4 e5 2. Nf3 Nc6 3. Nc3 Nf6 4. Bb5 Nd4 5. d3 c6 6. Ba4 b5 7. Bb3 Nxb3 8. axb3 d6 9. h3 Be7 10. 0-0 0-0 11. Re1 Qc7 12. Bg5 Be6 13. b4 a5 14. bxa5 Rxa5 15. b4 Raa8 16. Qd2 Nh5 17. Bxe7 Qxe7 18. Kh2 f6 19. d4 exd4 20. Rxa8 Rxa8 21. Nxd4 Bd7 22. Nf3 Ra3 23. Ne2 g6 24. Nf4 Rxf3 25. Nxh5 Qe5+ 26. Ng3 Ra3 27. Rd1 Kf7 28. Qxd6 Qxd6 29. Rxd6 Ke7 30. Rd2 Ra2 31. Nf1 Be6 32. c3 Ra6 33. Rc2 Bc4 34. Ng3 Ke6 35. Rc1 Ke5 36. h4 h5 37. Kg1 Kf4 38. Kh2 Ra2 39. Rd1 Ke5 40. f4+ Kxf4 41. Rd6 Ke5 42. Rxc6 Rc2 43. Rc5+ Kd6 44. Kg1 Kd7 45. Nxh5 gxh5 46. Rxh5 Ke7 47. e5 Rxc3 48. exf6+ Kxf6 49. Rc5 Rb3 50. Rc6+ Kg7 51. h5 Rxb4 52. Rg6+ Kh7 53. Rb6 Bd5 54. g3 Rb2 55. Kf1 Bf3 56. h6 Be2+ 57. Ke1 Bc4 58. Kd1 Rg2 59. Kc1 Rxg3 60. Kb2 Rg6 61. Rb7+ Kxh6 62. Kc3 Kg5 63. Rc7 Kf5 64. Re7 Re6 65. Rf7+ Ke4 66. Rh7 Kd5 67. Rd7+ Kc5 68. Rc7+ Kb6 69. Rc8 Re3+ 70. Kc2 Ka5 71. Kd2 Rd3+ 72. Kc2 Kb4 73. Kb2 Rd2+ 74. Kc1 Kc3 75. Rc5 Rh2 0-1

[Event "Oceania zt (Women)"]
[Site "Auckland"]
[Date "2005.01.31"]
[Round "2"]
[White "Zivanovic, Andjelija"]
[Black "Fairley, Natasha"]
[Result "1/2-1/2"]
[WhiteElo "2025"]
[BlackElo "1753"]
[PlyCount "78"]
[EventDate "2005.05.31"]
[EventType "swiss"]
[EventRounds "9"]
[EventCountry "NZL"]
[SourceTitle "EXT 2007"]
[Source "ChessBase"]
[SourceDate "2006.11.23"]
[SourceVersion "1"]
[SourceVersionDate "2006.11.23"]
[SourceQuality "1"]

1. d4 d5 2. Nf3 Nf6 3. e3 Bg4 4. Nbd2 e6 5. Bd3 c5 6. c3 Nc6 7. 0-0 cxd4 8. exd4 Be7 9. h3 Bh5 10. Qc2 Bg6 11. Ne5 Bxd3 12. Qxd3 Nd7 13. f4 Ncxe5 14. fxe5 0-0 15. Nf3 f6 16. Bf4 fxe5 17. Nxe5 Nxe5 18. Bxe5 Bf6 19. Qg3 Bxe5 20. Qxe5 Qe7 21. Rxf8+ Rxf8 22. Re1 Re8 23. Re3 a6 24. Rg3 Kh8 25. h4 Rf8 26. Qg5 Qxg5 27. Rxg5 g6 28. Re5 Rf6 29. a4 b5 30. axb5 axb5 31. Re2 Kg7 32. Rf2 Rf5 33. g4 Rxf2 34. Kxf2 Kf6 35. g5+ Kf5 36. Kf3 e5 37. dxe5 Kxe5 38. Ke3 Kf5 39. Kf3 Ke5 1/2-1/2